000 00683nam a2200205Ia 4500
003 GCL
008 140319s9999 xx 000 0 ara d
040 _aGCL /
_cGCL
082 0 4 _a212
_bر ف
100 1 _aرفقى زاهر
245 1 0 _aفلسفة التربية فى الاسلام عرض تحليلى لجوانب المنهج الاسلامى فى تربية الشباب /
_cرفقى زاهر
260 _a[S.N] :
_bدار المطبوعات الدولية ،
_c1981
300 _a135
490 _a
650 0 4 _aالتعليم
650 0 4 _aالتربية
650 0 4 _aالتعليم الدينى
650 0 4 _aالتربية الاسلامية
942 _2ddc
_cBK
999 _c29368
_d29368